00584 2200229 4500001002100000005001500021035002000036007000300056008004100059020000600100082001800106084002400124245003500148260004300183300002700226650001700253650000900270856002800279250001200307110001200319990002300331INLIS00000000000673420231129093734 a0010-1123000028ta231129 0 ind  a- a330.101(5954) a330.101(5954) SAJ b1 aBunga Rampai Perekonomian Desa aBogor :bYayasan Obor Indonesia,c1982 a299p. :bilus ;c22 cm 4aPerekonomian 4aDesa aPerpustakaan BSIP Jatim aPertama0 aSAJOGYO a426/BSIPJATIM/2023